000 00331 a2200157 4500
001 65723
020 _a9781107467446
040 _cAnchieta - Pituba
100 _aAnderson, Vicki
240 1 0 _aEyes open 2
_lpor
245 1 0 _aEyes open 2
300 _a127
362 0 _a2015
650 4 _aInglês e inglês antigo
942 _cBK
999 _c65723
_d65723